| 000 | 02520nam0a2200409 4500 | ||
|---|---|---|---|
| 001 | RU\NLR\BIBL_A\012706067 | ||
| 005 | 20260407112800.0 | ||
| 035 | _a(NLR Aleph) 012706067 | ||
| 090 |
_a12894622 _c12894622 |
||
| 100 | _a20210916d1904 |||y0rusy50 ca | ||
| 101 | 0 | _arus | |
| 102 | _aRU | ||
| 105 | _ay z 000yy | ||
| 181 | 0 |
_ai _baxxe |
|
| 182 | 0 | _an | |
| 200 | 1 |
_aО кредите на расходы по пересмотру оснований устройства эмеритальной кассы горных инженеров _fГосударственный Совет в Департаменте Государственной Экономии. Министерство Земледелия и Государственных Имуществ. 1 апреля 1904 года. № 106 |
|
| 203 |
_aТекст _bвизуальный _cнепосредственный |
||
| 210 |
_a[Санкт-Петербург _cб. и.] _d1904 |
||
| 215 |
_a2 с. _d34 |
||
| 300 | _aВ конце текста: Подписали: Ф. Тернер, А. Куломзин, С. Марков [и др.]; Скрепил: За Статс-Секретаря Оом | ||
| 300 | _aНа 1-й с.: CDLXVI | ||
| 309 | _aБез тит. л. и обл. | ||
| 606 | 1 |
_aЭмеритальные кассы _jДокументы и материалы _yРоссия _92529644 _3RU\NLR\AUTH\6601712386 |
|
| 686 | 3 | _aУ26(28)16,011 | |
| 702 | 1 |
_4720 _7ca _8rus _aТернер _bФ. Г. _cгос. деятель _f1828-1906 _gФедор Густавович _9156929 _3RU\NLR\AUTH\770156969 |
|
| 702 | 1 |
_4720 _aКуломзин _bА. Н. _f1838-1923 _gАнатолий Николаевич _9169479 _3RU\NLR\AUTH\770169529 |
|
| 702 | 1 |
_4720 _aМарков _bС. В. _cгос. деятель _f1828-1907 _gСергей Владимирович _9197570 _3RU\NLR\AUTH\770197621 |
|
| 702 | 1 |
_aОом _4720 |
|
| 711 | 0 | 2 |
_aРоссия _bМинистерство государственных имуществ _bЭмеритальная касса горных инженеров _3RU\NLR\AUTH\889942740 _9380498 |
| 711 | 0 | 1 |
_aРоссия _bМинистерство земледелия и государственных имуществ _3RU\NLR\AUTH\889941169 _9377192 |
| 712 | 0 | 1 |
_4570 _aРоссия _bДепартамент государственной экономии _3RU\NLR\AUTH\889933514 _9362122 |
| 852 |
_aNLR _j135/294-368 (9) |
||
| 942 | _cBOOK | ||
| 980 | _aNB | ||